000 00486nam a2200181Ia 4500
005 20250508152714.0
008 008 250505s9999 xx 000 0 hin d
037 _aTextual
040 _aFEDL
_beng
_cFEDL
041 _ahin
_2hin
084 _a891.43, OJA
_qFEDL
100 _aOJha Dusrath
_9762192
245 0 _aNatya samiksha
260 _aDelhi, India
_bNational Publishing House
300 _a169p.
942 _cTEXL
_h891.43, OJA
999 _c1338183
_d1338183